000 00895nam a2200205 i 4500
001 85309
003 ES-MaACL
005 20250818173852.0
007 t|
008 041126s1954 sp ||||1| spa d
100 1 _aJordan de Urries y Azara, Jaime.
_966920
245 1 0 _aMapa forestal de la provincia de Lérida
_b: memoria adjunta al mapa /
_ctrabajo por Jaime Jordán de Urries y Azara ; prólogo de Luis Ceballos y Fernández de Córdoba.
260 _aMadrid :
_b[Ministerio de Agricultura, Instituto Forestal de Investigaciones y Experiencias],
_c1954 (
_fTip. Artística)
300 _a2 v. :
_b20 lám., map. ;
_c27 cm.
650 4 _aBosques-
_zLérida (Provincia)
_9171361
700 1 _aCeballos y Fernández de Córdoba, Luis,
_d1896-1967
_937284
710 2 _aInstituto Forestal de Investigaciones y Experiencias.
_95059
852 _aES-MaACL
_jC-8330-31
999 _c85309
_d85309